Jeppy Brand Logos #1 - Statistics

General Stats
  • This quiz has been taken 31,685 times
    30,856 since last reset
  • The average score is 14 of 16
Answer Stats
Picture Answer % Correct
Amazon
99%
Coca-Cola
99%
Disney+
98%
KFC
98%
Starbucks
98%
Snapchat
93%
YouTube
93%
Pizza Hut
92%
Warner Bros.
90%
Red Bull
89%
TikTok
89%
Playboy
88%
Reddit
85%
Ferrari
76%
Pringles
67%
iTunes
36%
No matching quizzes found
Score Distribution
Percent of People with Each Score
Percentile by Number Answered
Your Score History
You have not taken this quiz since the last reset